Online
Catalog

Cómo jugar siempre mejor golf / (Record no. 4051)

MARC details
000 -CABECERA
campo de control de longitud fija 00645cam a2200193 a 4500
001 - NÚMERO DE CONTROL
campo de control 000004237
005 - FECHA Y HORA DE LA ÚLTIMA TRANSACCIÓN
campo de control 20241204113952.0
008 - DATOS DE LONGITUD FIJA--INFORMACIÓN GENERAL
campo de control de longitud fija 791005s1970 mx a 001 0 spa
040 ## - FUENTE DE LA CATALOGACIÓN
Centro catalogador/agencia de origen DO-SdBNP
Lengua de catalogación spa
Centro/agencia transcriptor BNPHU
082 ## - NÚMERO DE LA CLASIFICACIÓN DECIMAL DEWEY
Número de clasificación 796.35
Número de documento/Ítem A733c
100 1# - ENTRADA PRINCIPAL--NOMBRE DE PERSONA
Nombre de persona Armour, Tommy.
9 (RLIN) 12525
240 10 - TÍTULO UNIFORME
Título uniforme How to play your best golf all the time.
Lenguaje de la obra Español
245 10 - MENCIÓN DE TÍTULO
Título Cómo jugar siempre mejor golf /
Mención de responsabilidad, etc. Tommy Armour; traducción de Armando Montes.
260 ## - PUBLICACIÓN, DISTRIBUCIÓN, ETC.
Lugar de publicación, distribución, etc. México :
Nombre del editor, distribuidor, etc. Editorial Diana ,
Fecha de publicación, distribución, etc. 1970.
300 ## - DESCRIPCIÓN FÍSICA
Extensión 151 p. :
Otras características físicas il. ;
Dimensiones 23 cm.
500 ## - NOTA GENERAL
Nota general Incluye glosario y notas sobre el autor
650 #0 - PUNTO DE ACCESO ADICIONAL DE MATERIA--TÉRMINO DE MATERIA
Término de materia o nombre geográfico como elemento de entrada Golf
9 (RLIN) 12526
700 1# - PUNTO DE ACCESO ADICIONAL--NOMBRE DE PERSONA
Nombre de persona Montes, Armando,
Término indicativo de función/relación tr.
9 (RLIN) 12527
Holdings
Estado de retiro Estado de pérdida Restricciones de uso No para préstamo Código de colección Localización permanente Ubicación/localización actual Ubicación en estantería Fecha de adquisición Número de inventario Total de préstamos Signatura topográfica completa Código de barras Fecha visto por última vez Precio válido a partir de Tipo de ítem Koha
    Préstamo interno   Monografías: Libros y Folletos General General En catalogación 20.07.2009 LF1   796.35 A733c 4237-10 25.06.2020 25.06.2020 Préstamo interno
    Préstamo interno   Monografías: Libros y Folletos Patrimonio Dominicano Patrimonio Dominicano Depósito 05.06.2017 LF1   796.35 A733c 4237-20 25.06.2020 25.06.2020 Préstamo interno

Powered by Koha